000 00832cab a2200217 4500
001 WB3121-17
008 090401t1995 xxu||||| |||| 00| 0 eng d
035 _a(Sirsi) u17406
041 _aeng
245 _aCalls for £800m social housing boost
260 _c1995
350 _a0
490 _aBuilding
_v260(7895) 2 June 1995, 12(1)
520 _aThe National Federation of Housing Association`s budget submission calls for planned expenditure for 1996-1997 to be raised from £1.18bn to £2bn. The NFHA claims that between 130,000 and 150,000 new social units are needed per year whilst the "DoE memorandum on provision for social housing" recommends betwen 60,000 and 100,000.
650 _aNEW BUILD
650 _aNFHA
650 _aSOCIAL HOUSING
690 _aHOUSING-FINANCE
942 _n0
948 _c04/03/1997
999 _c11544
_d11544